[Event "22nd ch-EUR Indiv 2022"]
[Site "Terme Catez SLO"]
[Date "2022.03.28"]
[Round "2.42"]
[White "Iskandarov, Misratdin"]
[Black "Sanikidze, Tornike"]
[Result "1-0"]
[WhiteTitle "GM"]
[BlackTitle "GM"]
[WhiteElo "2577"]
[BlackElo "2439"]
[WhiteFideId "13400312"]
[BlackFideId "13602608"]
[EventDate "2022.03.27"]

1. e4 c6 2. Nc3 d5 3. Nf3 dxe4 4. Nxe4 Nf6 5. Qe2 Nxe4 6. Qxe4 Qa5 7. Qf4 Qf5 8.
Qe3 Nd7 9. Bd3 Qc5 10. O-O Qxe3 11. fxe3 g6 12. b4 Bg7 13. Rb1 O-O 14. Bb2 Bxb2
15. Rxb2 c5 16. a3 a6 17. Be2 b5 18. a4 bxa4 19. Ra1 cxb4 20. Rxb4 Nc5 21. Rc4
Ne6 22. Rcxa4 Bb7 23. d4 Rfc8 24. c4 Bxf3 25. gxf3 Nc7 26. c5 e5 27. Bxa6 Rd8
28. Bc4 Rxa4 29. Rxa4 exd4 30. exd4 Kf8 31. Bb3 Ne6 32. Bxe6 fxe6 33. Kf2 Rd5
34. Ke3 Rh5 35. Ra2 Ke7 36. Kd3 Rh4 37. Ra7+ Kd8 38. c6 g5 39. Rd7+ Kc8 40. Re7
Rxh2 41. Rxe6 Rh3 42. Kc4 Kc7 43. Kd5 h5 44. Re7+ 1-0

[Event "22nd ch-EUR Indiv 2022"]
[Site "Terme Catez SLO"]
[Date "2022.03.28"]
[Round "2.43"]
[White "Haring, Filip"]
[Black "Yuffa, Daniil"]
[Result "0-1"]
[WhiteTitle "FM"]
[BlackTitle "GM"]
[WhiteElo "2425"]
[BlackElo "2576"]
[WhiteFideId "14933080"]
[BlackFideId "24131423"]
[EventDate "2022.03.27"]

1. e4 c5 2. Nf3 d6 3. Bb5+ Nd7 4. c3 Nf6 5. Qe2 a6 6. Ba4 b5 7. Bc2 Bb7 8. O-O
g6 9. d4 Bg7 10. Re1 e5 11. d5 O-O 12. b3 Nh5 13. a4 b4 14. g3 Bc8 15. a5 Rb8
16. Bd3 Ndf6 17. Bxa6 Bg4 18. Bc4 Nxe4 19. h3 Bxf3 20. Qxf3 Nxc3 21. Nxc3 bxc3
22. g4 Nf4 23. a6 f5 24. Ra2 h5 25. gxh5 Nxh5 26. Qxc3 Qh4 27. Qe3 Bf6 28. Bf1
Rf7 29. Bd2 e4 30. Ra4 Rg7 31. Rea1 Bxa1 32. Rxa1 g5 33. f3 Qg3+ 34. Kh1 Qxf3+
35. Qxf3 exf3 36. Kg1 Ng3 37. Bc4 Ne4 38. Be1 g4 39. hxg4 Rxg4+ 40. Kf1 Kf7 0-1

[Event "22nd ch-EUR Indiv 2022"]
[Site "Terme Catez SLO"]
[Date "2022.03.28"]
[Round "2.44"]
[White "Gagunashvili, Merab"]
[Black "Sahidi, Samir"]
[Result "1-0"]
[WhiteTitle "GM"]
[BlackTitle "IM"]
[WhiteElo "2575"]
[BlackElo "2432"]
[WhiteFideId "13601652"]
[BlackFideId "14936372"]
[EventDate "2022.03.27"]

1. d4 d5 2. Nf3 Nf6 3. c4 dxc4 4. e3 e6 5. Bxc4 a6 6. O-O c5 7. dxc5 Qxd1 8.
Rxd1 Bxc5 9. Nbd2 Nc6 10. Be2 O-O 11. a3 b5 12. b4 Be7 13. Bb2 Bb7 14. Rac1 Rfd8
15. Nb3 Rxd1+ 16. Bxd1 Rc8 17. Nc5 Bxc5 18. Rxc5 Nd7 19. Rc1 Ne7 20. Nd2 f6 21.
e4 Kf7 22. f3 Rxc1 23. Bxc1 Ng6 24. Nb3 Nge5 25. Be2 Nb6 26. Nc5 Bc8 27. Kf2 Ke7
28. Ke3 Nec4+ 29. Kd4 e5+ 30. Kc3 Nd6 31. Bd1 g5 32. g3 Nd7 33. Bb3 Nb8 34. f4
h6 35. Kd3 Bh3 36. fxe5 fxe5 37. Bb2 Bf1+ 38. Ke3 Kf6 39. Kf2 Bc4 40. Bc2 Bf7
41. a4 bxa4 42. Bxa4 Bc4 43. h4 Bb5 44. hxg5+ hxg5 45. Kf3 Bxa4 46. Nxa4 Nd7 47.
Bc1 Kg6 48. Nc5 Nxc5 49. bxc5 g4+ 50. Kxg4 Nxe4 51. c6 Nd6 52. c7 a5 53. Ba3 Nc8
54. Kf3 Kf6 55. Ke4 a4 56. g4 Ke6 57. g5 Nb6 58. Bb4 Kd7 59. g6 Ke6 60. Bc5 Nc8
61. g7 Kf7 62. Kxe5 Kxg7 63. Ke6 1-0

[Event "22nd ch-EUR Indiv 2022"]
[Site "Terme Catez SLO"]
[Date "2022.03.28"]
[Round "2.45"]
[White "Kramer, Julian"]
[Black "Papp, Gabor1"]
[Result "1/2-1/2"]
[WhiteTitle "IM"]
[BlackTitle "GM"]
[WhiteElo "2423"]
[BlackElo "2574"]
[WhiteFideId "12921742"]
[BlackFideId "718602"]
[EventDate "2022.03.27"]

1. e4 c6 2. Nf3 d5 3. Nc3 dxe4 4. Nxe4 Nf6 5. Qe2 Nxe4 6. Qxe4 Nd7 7. d4 Nf6 8.
Qf4 Nd5 9. Qd2 Bf5 10. c4 Nf6 11. Bd3 Bxd3 12. Qxd3 e6 13. O-O Be7 14. Qe2 O-O
15. Bg5 h6 16. Bh4 Qa5 17. b3 Rad8 18. Rad1 Rfe8 19. h3 c5 20. dxc5 Qxc5 21. Ne5
Qc7 22. Bg3 Qa5 23. Bh4 Rxd1 24. Rxd1 Rd8 25. Rxd8+ Qxd8 26. Nd3 Qd4 27. Bg3 Bd6
28. Bxd6 Qxd6 29. Qe3 Nd7 30. Kf1 e5 31. g4 b6 32. h4 Qe7 33. g5 hxg5 34. hxg5
Qe6 35. Qe4 g6 36. Ke2 Kg7 37. b4 a5 38. a3 axb4 39. axb4 Qd6 40. f4 exf4 41.
Qxf4 Qxf4 42. Nxf4 f6 43. gxf6+ Kxf6 44. c5 bxc5 45. bxc5 Nxc5 46. Nxg6 Kxg6 1/2-1/2

[Event "22nd ch-EUR Indiv 2022"]
[Site "Terme Catez SLO"]
[Date "2022.03.28"]
[Round "2.46"]
[White "Kadric, Denis"]
[Black "Murphy, Conor E"]
[Result "1/2-1/2"]
[WhiteTitle "GM"]
[BlackTitle "IM"]
[WhiteElo "2573"]
[BlackElo "2427"]
[WhiteFideId "14403803"]
[BlackFideId "421669"]
[EventDate "2022.03.27"]

1. e4 e5 2. Nf3 Nc6 3. Bc4 Nf6 4. d3 Bc5 5. c3 a6 6. O-O d6 7. Bb3 Ba7 8. Bc2
O-O 9. h3 h6 10. Be3 Re8 11. Nbd2 d5 12. exd5 Qxd5 13. Bxa7 Rxa7 14. Re1 Ra8 15.
Re3 Bf5 16. Qe2 Qd7 17. Re1 b5 18. Nh4 Be6 19. Rg3 Bd5 20. Ne4 Bxe4 21. dxe4 Ne7
22. Rd3 Qc6 23. Qd1 Rac8 24. Rd2 Qa8 25. f4 exf4 26. e5 Nfd5 27. e6 fxe6 28. Qg4
Qc6 29. Rxe6 Nf6 30. Rxc6 Nxg4 31. Bb3+ Kh7 32. Bc2+ Kg8 33. Bb3+ Kh7 34. Bc2+ 1/2-1/2

[Event "22nd ch-EUR Indiv 2022"]
[Site "Terme Catez SLO"]
[Date "2022.03.28"]
[Round "2.47"]
[White "Van Foreest, Lucas"]
[Black "Stoyanov, Tsvetan"]
[Result "1/2-1/2"]
[WhiteTitle "GM"]
[BlackTitle "IM"]
[WhiteElo "2572"]
[BlackElo "2424"]
[WhiteFideId "1039792"]
[BlackFideId "2917173"]
[EventDate "2022.03.27"]

1. Nf3 Nf6 2. g3 d5 3. Bg2 g6 4. O-O Bg7 5. d4 O-O 6. c4 dxc4 7. Na3 c5 8. Nxc4
Na6 9. b3 Be6 10. Bb2 Bxc4 11. bxc4 cxd4 12. Nxd4 Nc5 13. Rb1 Nfe4 14. e3 Rc8
15. Qc2 Nd6 16. Rfc1 Qa5 17. Ba1 Qa6 18. Qe2 Rfd8 19. h4 Rd7 20. Bh3 e6 21. h5
Nf5 22. Rd1 Rcd8 23. Bxf5 exf5 24. Nb5 Bxa1 25. Rxa1 Qf6 26. Rac1 Ne4 27. Rxd7
Rxd7 28. Nd4 Qg5 29. Re1 Rd6 30. Kg2 Qe7 31. Nf3 Qc7 32. Qb2 f6 33. hxg6 hxg6
34. Rc1 Nc5 35. Qb5 Rd7 36. Rb1 a6 37. Qb6 1/2-1/2

[Event "22nd ch-EUR Indiv 2022"]
[Site "Terme Catez SLO"]
[Date "2022.03.28"]
[Round "2.48"]
[White "Ben Ari, Yannay"]
[Black "Alonso Rosell, Alvar"]
[Result "1/2-1/2"]
[WhiteTitle "FM"]
[BlackTitle "GM"]
[WhiteElo "2417"]
[BlackElo "2565"]
[WhiteFideId "2815222"]
[BlackFideId "2270544"]
[EventDate "2022.03.27"]

1. d4 Nf6 2. c4 e6 3. g3 d5 4. Bg2 Bb4+ 5. Nd2 O-O 6. Nf3 dxc4 7. a3 Bxd2+ 8.
Bxd2 Bd7 9. Rc1 Bc6 10. Rxc4 Bd5 11. Rc1 Nc6 12. O-O a5 13. e3 Qe7 14. Qe2 Rfd8
15. Ne5 Bxg2 16. Kxg2 Nxe5 17. dxe5 Ne4 18. Be1 Nc5 19. Bc3 Ne4 20. Qc2 Nxc3 21.
Qxc3 c6 22. Rfd1 Rd7 23. e4 Qd8 24. Qb3 a4 25. Rxd7 Qxd7 26. Rd1 1/2-1/2

[Event "22nd ch-EUR Indiv 2022"]
[Site "Terme Catez SLO"]
[Date "2022.03.28"]
[Round "2.49"]
[White "Georgiev, Kiril"]
[Black "Tratar, Marko"]
[Result "1/2-1/2"]
[WhiteTitle "GM"]
[BlackTitle "GM"]
[WhiteElo "2564"]
[BlackElo "2417"]
[WhiteFideId "2900017"]
[BlackFideId "14600684"]
[EventDate "2022.03.27"]

1. d4 e6 2. Nf3 Nf6 3. c4 Bb4+ 4. Nbd2 O-O 5. a3 Be7 6. e4 d6 7. Bd3 Nfd7 8. b4
e5 9. Bb2 exd4 10. Nxd4 Bf6 11. Qc2 Nc6 12. Nxc6 bxc6 13. O-O Bxb2 14. Qxb2 a5
15. Nb3 axb4 16. axb4 Rxa1 17. Qxa1 Ne5 18. Be2 f5 19. exf5 Bxf5 20. Qc3 Qf6 21.
Nd4 Bd7 22. f4 Ng6 23. g3 Ne7 24. Qd2 Nf5 25. Nxf5 Bxf5 26. Bf3 Bh3 27. Rd1 g5
28. Bxc6 gxf4 29. gxf4 Be6 30. Bd5 Bxd5 31. Qxd5+ Rf7 32. Rf1 Qc3 33. b5 Kf8 34.
Kh1 Qe3 35. f5 Re7 36. b6 cxb6 37. f6 Qe4+ 38. Rf3 Re6 39. Qxe4 Rxe4 40. Rb3
Rxc4 41. Rxb6 Rd4 42. Rb7 1/2-1/2

[Event "22nd ch-EUR Indiv 2022"]
[Site "Terme Catez SLO"]
[Date "2022.03.28"]
[Round "2.50"]
[White "Globus, Or"]
[Black "Livaic, Leon"]
[Result "1/2-1/2"]
[WhiteTitle "FM"]
[BlackTitle "IM"]
[WhiteElo "2414"]
[BlackElo "2563"]
[WhiteFideId "2816776"]
[BlackFideId "14531534"]
[EventDate "2022.03.27"]

1. c4 e5 2. Nc3 Nc6 3. g3 f5 4. Nf3 Nf6 5. d4 e4 6. Nh4 d6 7. Ng2 g6 8. Bg5 Bg7
9. Nf4 Ne7 10. e3 O-O 11. h4 h6 12. Bxf6 Bxf6 13. Qc2 c6 14. Be2 h5 15. f3 exf3
16. Bxf3 a6 17. O-O Bd7 18. a4 a5 19. Rad1 Qc7 20. Kh2 Rf7 21. Rfe1 Raf8 22. Kg2
Bc8 23. Qd3 Kh7 24. Rf1 Bg7 25. Nce2 Bh6 26. b3 Ng8 27. d5 c5 28. Ne6 Bxe6 29.
dxe6 Re7 30. Qxd6 Qxd6 31. Rxd6 Rfe8 32. Nf4 Bxf4 33. exf4 Rxe6 34. Rxe6 Rxe6
35. Rd1 Nf6 36. Rd8 Rb6 37. Rb8 Ne4 38. Rc8 Rxb3 39. Bxe4 fxe4 40. Rxc5 Rb2+ 41.
Kf1 Rb4 1/2-1/2

[Event "22nd ch-EUR Indiv 2022"]
[Site "Terme Catez SLO"]
[Date "2022.03.28"]
[Round "2.51"]
[White "Meshkovs, Nikita"]
[Black "Kilgus, Georg"]
[Result "1-0"]
[WhiteTitle "GM"]
[BlackTitle "IM"]
[WhiteElo "2561"]
[BlackElo "2415"]
[WhiteFideId "11602740"]
[BlackFideId "1606212"]
[EventDate "2022.03.27"]

1. d4 Nf6 2. c4 e6 3. Nc3 Bb4 4. e3 b6 5. Ne2 Ba6 6. a3 Bxc3+ 7. Nxc3 d5 8. Qa4+
Qd7 9. Qxd7+ Kxd7 10. cxd5 exd5 11. Bd2 Bxf1 12. Rxf1 Nc6 13. O-O-O Na5 14. Kc2
Nc4 15. Bc1 Rhe8 16. Kd3 Nd6 17. f3 c5 18. g4 Kc6 19. g5 Nd7 20. Kc2 Nf5 21.
dxc5 Nxe3+ 22. Bxe3 Rxe3 23. b4 Ne5 24. f4 Ng4 25. Rd2 Rh3 26. Nxd5 bxc5 27. Re1
Rxh2 28. b5+ Kd7 29. Nb6+ 1-0

[Event "22nd ch-EUR Indiv 2022"]
[Site "Terme Catez SLO"]
[Date "2022.03.28"]
[Round "2.52"]
[White "Krastev, Alexander"]
[Black "Stocek, Jiri"]
[Result "0-1"]
[WhiteTitle "FM"]
[BlackTitle "GM"]
[WhiteElo "2409"]
[BlackElo "2555"]
[WhiteFideId "12989983"]
[BlackFideId "304760"]
[EventDate "2022.03.27"]

1. e4 c5 2. Nc3 e6 3. d4 cxd4 4. Qxd4 Nc6 5. Qd3 Bc5 6. Bf4 Nf6 7. O-O-O O-O 8.
Be2 d5 9. Qg3 Bd4 10. Bh6 Ne8 11. exd5 exd5 12. Bd2 Bf5 13. Bd3 Bg6 14. Nge2 Bf6
15. Bf4 d4 16. Bxg6 hxg6 17. Kb1 Rc8 18. Ne4 Qd5 19. Qf3 Be5 20. Ng5 Qa5 21.
Bxe5 Qxe5 22. Ne4 Nc7 23. Qf4 Qb5 24. Rhe1 Ne6 25. Qf3 Rfd8 26. Qb3 Qa6 27. Nc1
Na5 28. Qa3 Qb5 29. Nd3 Nc4 30. Qb3 Qc6 31. Nb4 Qc7 32. Nd2 Nxd2+ 33. Rxd2 Qxh2
34. g3 Qg2 35. Nd3 Qd5 36. Qa3 Ng5 37. Nf4 Qc6 38. Rc1 Nf3 39. Rdd1 Re8 40. Qd3
Rcd8 41. Qa3 g5 42. Nd3 a6 43. Qc5 Qe4 44. Qb6 Rc8 45. Nc5 Qe2 0-1

[Event "22nd ch-EUR Indiv 2022"]
[Site "Terme Catez SLO"]
[Date "2022.03.28"]
[Round "2.53"]
[White "Martinovic, Sasa"]
[Black "Injac, Teodora"]
[Result "1-0"]
[WhiteTitle "GM"]
[BlackTitle "WGM"]
[WhiteElo "2554"]
[BlackElo "2407"]
[WhiteFideId "14509792"]
[BlackFideId "932400"]
[EventDate "2022.03.27"]

1. d4 Nf6 2. c4 e6 3. Nc3 Bb4 4. e3 O-O 5. Bd3 d5 6. a3 Bxc3+ 7. bxc3 dxc4 8.
Bxc4 c5 9. Nf3 Qc7 10. Be2 b6 11. Bb2 Bb7 12. O-O Rd8 13. Re1 Nbd7 14. c4 Rac8
15. Bf1 Nf8 16. h3 Ng6 17. a4 Ne4 18. a5 Nd6 19. axb6 axb6 20. Nd2 Bc6 21. Qb1
Qe7 22. Bc3 Qg5 23. d5 exd5 24. cxd5 Bxd5 25. e4 Be6 26. Nf3 Qh5 27. Qxb6 Nc4
28. Qa6 Nce5 29. Nxe5 Nxe5 30. f4 Nf3+ 31. gxf3 Qxf3 32. f5 Qxc3 33. fxe6 fxe6
34. Qxe6+ Kh8 35. Rac1 Qd4+ 36. Kh1 Re8 37. Qd5 Qf2 38. e5 Red8 39. Qg2 Qf4 40.
Rc4 Qf5 41. Rg4 Re8 42. Rg5 Qf7 43. Qe4 c4 44. e6 Qf6 45. Rg3 c3 46. Bd3 Qh6 47.
Kh2 Rb8 48. Bc2 Rb6 49. e7 Rb2 50. Re2 g6 51. Rxc3 Qg7 52. Rce3 1-0

[Event "22nd ch-EUR Indiv 2022"]
[Site "Terme Catez SLO"]
[Date "2022.03.28"]
[Round "2.54"]
[White "Dobrovoljc, Vid"]
[Black "Dragnev, Valentin"]
[Result "0-1"]
[WhiteTitle "FM"]
[BlackTitle "GM"]
[WhiteElo "2406"]
[BlackElo "2546"]
[WhiteFideId "14609843"]
[BlackFideId "1634852"]
[EventDate "2022.03.27"]

1. d4 Nf6 2. c4 e6 3. Nc3 Bb4 4. Nf3 O-O 5. Bg5 c5 6. Rc1 h6 7. Bh4 cxd4 8. Nxd4
d5 9. cxd5 Bxc3+ 10. bxc3 Qxd5 11. e3 Nbd7 12. Qb3 Qe4 13. Nf3 b6 14. Be2 Bb7
15. O-O Nc5 16. Qb4 Nd5 17. Qb2 Qg6 18. Ne5 Qf5 19. c4 Nb4 20. Be7 Rfc8 21. Rfd1
Nc6 22. Bxc5 Nxe5 23. Bd6 Qg6 24. Bf1 Nxc4 25. Qd4 Nxd6 26. Qxd6 Bd5 27. a3 Rc2
28. Qe5 Rac8 29. Rxc2 Qxc2 30. Rd4 Qb1 31. Rb4 Qf5 32. Qxf5 exf5 33. Rd4 Be6 34.
g3 Kf8 35. Bd3 Ke7 36. Rf4 Rc3 37. Bxf5 Bxf5 38. Rxf5 Rxa3 39. e4 Rb3 40. Re5+
Kd6 41. Rd5+ Kc6 42. Rd8 a5 43. Ra8 Rd3 44. f4 Kb7 45. Rg8 a4 46. Rxg7 Rd7 47.
e5 Rc7 48. f5 a3 49. e6 a2 50. exf7 a1=Q+ 0-1

[Event "22nd ch-EUR Indiv 2022"]
[Site "Terme Catez SLO"]
[Date "2022.03.28"]
[Round "2.55"]
[White "Pultinevicius, Paulius"]
[Black "Papadiamandis, Elliot"]
[Result "1-0"]
[WhiteTitle "GM"]
[BlackTitle "FM"]
[WhiteElo "2546"]
[BlackElo "2406"]
[WhiteFideId "12809390"]
[BlackFideId "36074160"]
[EventDate "2022.03.27"]

1. d4 Nf6 2. c4 g6 3. Nc3 d5 4. Nf3 Bg7 5. Qb3 dxc4 6. Qxc4 O-O 7. e4 Na6 8. Be2
c5 9. d5 e6 10. O-O exd5 11. exd5 Re8 12. Rd1 Bf5 13. d6 Qd7 14. Qh4 Nb4 15. Bf4
Nh5 16. Bb5 Nc6 17. Nd5 h6 18. Ne7+ Kh7 19. Be5 Bg4 20. Bxg7 Bxf3 21. gxf3 Kxg7
22. Rac1 Nf6 23. b4 cxb4 24. Nxc6 a6 25. Bf1 bxc6 26. Bh3 Qb7 27. d7 Red8 28.
Rd6 Nd5 29. Rcxc6 Kh7 30. Qc4 1-0

[Event "22nd ch-EUR Indiv 2022"]
[Site "Terme Catez SLO"]
[Date "2022.03.28"]
[Round "2.56"]
[White "Golubka, Petro"]
[Black "David, Alberto"]
[Result "1/2-1/2"]
[WhiteTitle "GM"]
[BlackTitle "GM"]
[WhiteElo "2401"]
[BlackElo "2545"]
[WhiteFideId "14114224"]
[BlackFideId "4000013"]
[EventDate "2022.03.27"]

1. e4 c6 2. d4 d5 3. e5 Bf5 4. c4 e6 5. Nc3 Ne7 6. h4 h6 7. h5 dxc4 8. Bxc4 Nd7
9. g4 Bh7 10. Nge2 Nb6 11. Bd3 Bxd3 12. Qxd3 Ned5 13. Be3 Nxc3 14. bxc3 Qd5 15.
Rg1 O-O-O 16. a4 Nc4 17. Nf4 Nxe5 18. dxe5 Qxd3 19. Nxd3 Rxd3 20. Bd4 Rh3 21.
Ke2 Be7 22. Rh1 Rxh1 23. Rxh1 b6 24. f4 Kb7 25. f5 Bg5 26. Rf1 Re8 27. f6 gxf6
28. Be3 Rg8 29. Bxg5 Rxg5 30. Rxf6 Rxg4 31. Rxf7+ Ka6 32. Kf3 Rg5 33. Rf6 Rxe5
34. Rxh6 Rc5 35. Kg4 Rxc3 36. Rxe6 Rc4+ 37. Kg5 Rxa4 38. Rxc6 Ra5+ 39. Kg4 Rd5
40. h6 Rd7 41. Rg6 Rd1 42. Rg5 Rd8 43. h7 Rh8 44. Rg7 b5 45. Kf5 b4 46. Ke4 Kb6
47. Kd4 a5 48. Kc4 Rc8+ 49. Kd4 Rd8+ 50. Kc4 Rc8+ 1/2-1/2

[Event "22nd ch-EUR Indiv 2022"]
[Site "Terme Catez SLO"]
[Date "2022.03.28"]
[Round "2.57"]
[White "Koelle, Tobias"]
[Black "Teclaf, Pawel"]
[Result "1/2-1/2"]
[WhiteTitle "FM"]
[BlackTitle "IM"]
[WhiteElo "2378"]
[BlackElo "2542"]
[WhiteFideId "16207378"]
[BlackFideId "1185934"]
[EventDate "2022.03.27"]

1. d4 e6 2. c4 Bb4+ 3. Bd2 Qe7 4. a3 Bxd2+ 5. Qxd2 Nf6 6. Nc3 d5 7. e3 O-O 8.
Nf3 Rd8 9. cxd5 exd5 10. Bd3 c6 1/2-1/2

[Event "22nd ch-EUR Indiv 2022"]
[Site "Terme Catez SLO"]
[Date "2022.03.28"]
[Round "2.58"]
[White "Bilych, Olexiy"]
[Black "Gumularz, Szymon"]
[Result "1-0"]
[WhiteTitle "FM"]
[BlackTitle "GM"]
[WhiteElo "2342"]
[BlackElo "2539"]
[WhiteFideId "14156504"]
[BlackFideId "1188062"]
[EventDate "2022.03.27"]

1. e4 e5 2. Nf3 Nc6 3. Bc4 Nf6 4. d3 h6 5. O-O d6 6. a4 g5 7. a5 a6 8. c3 Bg7 9.
h3 Qe7 10. Re1 O-O 11. Nbd2 Be6 12. Bxe6 fxe6 13. Nf1 Qf7 14. N1h2 Nh5 15. g3
Nf6 16. Kg2 Qd7 17. Qe2 Rf7 18. Rf1 Raf8 19. Bd2 Qe8 20. h4 g4 21. Ng1 h5 22. f3
gxf3+ 23. Ngxf3 Nh7 24. b4 Nb8 25. Ng5 Rxf1 26. Rxf1 Nf6 27. Be3 Nbd7 28. Qa2 d5
29. c4 c6 30. c5 Bh6 31. Qe2 Qg6 32. Nxe6 Re8 33. Ng5 dxe4 34. dxe4 Bxg5 35.
hxg5 Nxe4 36. Qc4+ Kh8 37. Nf3 Qf5 38. Nh4 1-0

[Event "22nd ch-EUR Indiv 2022"]
[Site "Terme Catez SLO"]
[Date "2022.03.28"]
[Round "2.59"]
[White "Lodici, Lorenzo"]
[Black "Buksa, Nataliya"]
[Result "1-0"]
[WhiteTitle "GM"]
[BlackTitle "IM"]
[WhiteElo "2537"]
[BlackElo "2401"]
[WhiteFideId "884189"]
[BlackFideId "14123622"]
[EventDate "2022.03.27"]

1. d4 d5 2. c4 e6 3. Nf3 Nf6 4. g3 Be7 5. Bg2 O-O 6. Qc2 c6 7. Nbd2 b6 8. e4
dxc4 9. Nxc4 Bb7 10. e5 Nd5 11. a3 Nd7 12. O-O Rc8 13. b4 c5 14. dxc5 bxc5 15.
b5 N7b6 16. Nfd2 Ba8 17. Rd1 Qc7 18. Bb2 Rfd8 19. Rac1 Rb8 20. Nd6 Bxd6 21. exd6
Qxd6 22. Ne4 Qd7 23. a4 Qe7 24. Nxc5 Nf6 25. a5 Bxg2 26. Bxf6 gxf6 27. Kxg2 Rdc8
28. Rd4 Nd5 29. Rg4+ Kh8 30. Rh4 f5 31. Qb2+ Qf6 32. Qxf6+ Nxf6 33. Rb4 Kg7 34.
Na6 Nd5 35. Rxc8 Rxc8 36. Rb3 Nf6 37. b6 axb6 38. axb6 Nd7 39. b7 1-0

[Event "22nd ch-EUR Indiv 2022"]
[Site "Terme Catez SLO"]
[Date "2022.03.28"]
[Round "2.60"]
[White "Urh, Zala"]
[Black "Muradli, Mahammad"]
[Result "0-1"]
[WhiteTitle "WIM"]
[BlackTitle "IM"]
[WhiteElo "2307"]
[BlackElo "2537"]
[WhiteFideId "14611481"]
[BlackFideId "13409301"]
[EventDate "2022.03.27"]

1. d4 Nf6 2. c4 e6 3. Nf3 d5 4. Nc3 Be7 5. Bf4 O-O 6. e3 c5 7. dxc5 Bxc5 8. Qc2
Nc6 9. a3 Qa5 10. Rd1 Ne4 11. cxd5 exd5 12. Rxd5 Nxc3 13. bxc3 Ne7 14. Ng5 g6
15. Rd2 b5 16. h4 h5 17. Be2 Qxa3 18. Bxb5 Ba6 19. Bxa6 Qxa6 20. Ne4 Ba3 21. Qa2
Nf5 22. Nd6 Ng7 23. c4 Ne6 24. Bg3 Nc5 25. O-O Bb4 26. Qxa6 Nxa6 27. Ra2 Nc5 28.
Nb5 a5 29. Nc7 Rac8 30. Nd5 Ne4 31. Rc1 Nxg3 32. fxg3 Rfd8 33. Rcc2 Bd6 34. Rxa5
Bxg3 35. Kf1 Kg7 36. Ke2 Bxh4 37. Nf4 Re8 38. c5 Re5 39. Ra7 Bg5 40. Rc4 Rce8
41. Ra3 Bxf4 42. Rxf4 Rxc5 43. Ra7 Rf8 44. e4 g5 45. Rf1 Rc2+ 46. Kf3 Rfc8 47.
e5 R8c7 48. Rxc7 Rxc7 49. Ra1 Kg6 50. Ke4 Rc4+ 51. Kd5 Rf4 52. Ra2 Kf5 53. Kd6
Rd4+ 54. Ke7 Kxe5 55. Kxf7 Kf5 56. Ra5+ Kg4 57. Kf6 Rd6+ 58. Ke5 Rb6 59. Rc5 h4
60. Ra5 Rb2 61. Ra4+ Kh5 62. Ke4 Rxg2 63. Kf3 Rb2 64. Ra8 g4+ 65. Kf4 Rf2+ 66.
Ke4 g3 67. Rg8 Rf6 0-1

[Event "22nd ch-EUR Indiv 2022"]
[Site "Terme Catez SLO"]
[Date "2022.03.28"]
[Round "2.61"]
[White "Kelires, Andreas"]
[Black "Eric, Jovana"]
[Result "1-0"]
[WhiteTitle "GM"]
[BlackTitle "WGM"]
[WhiteElo "2536"]
[BlackElo "2278"]
[WhiteFideId "5900727"]
[BlackFideId "938238"]
[EventDate "2022.03.27"]

1. Nf3 d5 2. g3 c6 3. Bg2 Nf6 4. c4 Bf5 5. Qb3 Qb6 6. d3 e6 7. Be3 Qc7 8. O-O
Nbd7 9. cxd5 exd5 10. Nc3 Bc5 11. Bf4 Qb6 12. Qc2 Be7 13. e4 dxe4 14. dxe4 Bg6
15. Nh4 Ng4 16. Nf5 Bxf5 17. exf5 O-O 18. Qe2 Bf6 19. Qxg4 Qxb2 20. Ne4 Qxa1 21.
Rxa1 Bxa1 22. Qd1 1-0

[Event "22nd ch-EUR Indiv 2022"]
[Site "Terme Catez SLO"]
[Date "2022.03.28"]
[Round "2.62"]
[White "Uruci, Endrit"]
[Black "Halkias, Stelios"]
[Result "1/2-1/2"]
[WhiteTitle "FM"]
[BlackTitle "GM"]
[WhiteElo "2304"]
[BlackElo "2527"]
[WhiteFideId "22100199"]
[BlackFideId "4201809"]
[EventDate "2022.03.27"]

1. e4 e5 2. Nf3 Nc6 3. d4 exd4 4. Bc4 Nf6 5. e5 Ne4 6. O-O d5 7. exd6 Nxd6 8.
Bd5 Nf5 9. Re1+ Be7 10. Bxc6+ bxc6 11. g4 Nh6 12. Qxd4 Bxg4 13. Bxh6 Qxd4 14.
Nxd4 gxh6 15. Nxc6 Be6 16. Nxe7 Kxe7 17. f3 Rhd8 18. Kf2 Rab8 19. b3 Rb5 20. Re2
Rh5 21. Ke1 Rg8 22. Nd2 Rg1+ 23. Nf1 Kf6 24. Rf2 Bh3 25. Ke2 Rh1 26. Ng3 Rxa1
27. Nxh5+ Kg5 28. Ng3 Rxa2 29. f4+ Kf6 30. Kd3 Bf5+ 31. Nxf5 Kxf5 32. Kd4 a5 33.
Kc5 a4 34. bxa4 Rxa4 35. c4 h5 36. Rd2 Ra6 37. Rd7 Rf6 38. Rxc7 Kg4 39. Rd7 h4
40. Rd3 h3 41. Rg3+ Kh4 42. Rd3 Rg6 43. Rd6 Rg2 44. Rh6+ Kg4 45. Rxh7 f5 46. Kd6
Rxh2 47. c5 Rd2+ 48. Ke5 Re2+ 49. Kd6 Rd2+ 50. Ke5 Rc2 51. Kd6 h2 52. c6 Kxf4
53. c7 Kg3 54. Rg7+ Kf3 55. Rh7 Kg3 56. Rg7+ Kf2 57. Rh7 Kg1 58. Rg7+ Kh1 59.
Rf7 Kg2 60. Rg7+ Kf1 1/2-1/2

[Event "22nd ch-EUR Indiv 2022"]
[Site "Terme Catez SLO"]
[Date "2022.03.28"]
[Round "2.63"]
[White "Kulaots, Kaido"]
[Black "Saraci, Korab"]
[Result "1-0"]
[WhiteTitle "GM"]
[WhiteElo "2527"]
[BlackElo "2229"]
[WhiteFideId "4500261"]
[BlackFideId "4701968"]
[EventDate "2022.03.27"]

1. d4 Nf6 2. c4 e6 3. Nf3 d5 4. g3 Be7 5. Bg2 O-O 6. O-O Nbd7 7. b3 c6 8. Nc3 b6
9. Bb2 Ba6 10. Re1 b5 11. Ne5 Rc8 12. Nxd7 Nxd7 13. c5 f5 14. b4 Rb8 15. f3 f4
16. e4 fxg3 17. hxg3 Rf6 18. f4 Rg6 19. Qf3 Nf6 20. e5 Ng4 21. Nd1 Qf8 22. Ne3
Nxe3 23. Rxe3 Qf5 24. Bf1 Rh6 25. Bd3 Qf7 26. Rf1 Rf8 27. Qg2 Qe8 28. g4 g5 29.
f5 exf5 30. gxf5 Bc8 31. Rg3 Kh8 32. Bc1 Qh5 33. f6 Bd8 34. Be2 Qh4 35. Bg4 Bxg4
36. Rxg4 Qh3 37. Qxh3 Rxh3 38. Bxg5 h6 39. Kg2 Ra3 40. Bxh6 Rxa2+ 41. Rf2 1-0

[Event "22nd ch-EUR Indiv 2022"]
[Site "Terme Catez SLO"]
[Date "2022.03.28"]
[Round "2.64"]
[White "Miftari, Hedon"]
[Black "Kozak, Adam"]
[Result "0-1"]
[BlackTitle "GM"]
[WhiteElo "1987"]
[BlackElo "2525"]
[WhiteFideId "15007065"]
[BlackFideId "753246"]
[EventDate "2022.03.27"]

1. e4 c5 2. Nf3 Nf6 3. Nc3 d5 4. exd5 Nxd5 5. Bc4 Nb6 6. Bb5+ Bd7 7. Bxd7+ Qxd7
8. d4 cxd4 9. Qxd4 Nc6 10. Qxd7+ Nxd7 11. Nb5 Rc8 12. c3 e5 13. b3 Nc5 14. Ke2
a6 15. Na3 Ne4 16. Nc4 Nxc3+ 17. Kd3 Bb4 18. Ncxe5 Nxe5+ 19. Nxe5 O-O 20. f4 f6
21. Nf3 Rfd8+ 22. Kc2 Nb5+ 23. Kb1 Na3+ 24. Bxa3 Bxa3 25. Re1 Rc3 0-1